[Event "Østlandsserien 1998/1999, 3. div. B"]
[Site "Bærum, Akershus NOR"]
[Date "1998.12.06"]
[Round "2"]
[White "Ekeberg, Øyvind"]
[Black "Furnes, Torstein"]
[Result "1/2-1/2"]
[WhiteElo "1275"]
[BlackElo "1498"]
[PlyCount "87"]
[EventDate "1998.11.08"]
[Board "4"]
[WhiteTeam "Bærum 2"]
[BlackTeam "Follo 3"]

1. e4 c5 2. Nf3 Nc6 3. d4 cxd4 4. Nxd4 d6 5. Nc3 Nf6 6. Be3 Bd7 7. Bc4 g6 8.
Qd2 Bg7 9. O-O-O a6 10. Nd5 Nxe4 11. Qe2 Nxd4 12. Bxd4 Bxd4 13. Rxd4 Nc5 14.
Nf6+ Kf8 15. Nxd7+ Qxd7 16. Qf3 e6 17. Rhd1 d5 18. Qf6 Rg8 19. Bxd5 Qe7 20.
Qxe7+ Kxe7 21. Bxb7 Rab8 22. Bc6 Rb6 23. Bf3 Rgb8 24. b3 a5 25. a4 Rc8 26. Kb2
f5 27. Ka3 e5 28. Rc4 e4 29. Be2 Ke6 30. Rc3 Rbc6 31. Bb5 Rd6 32. Rxd6+ Kxd6
33. Rc4 g5 34. c3 Rb8 35. b4 axb4+ 36. cxb4 Nd3 37. Rc2 Ke5 38. Bxd3 exd3 39.
Rd2 Kd4 40. Kb3 Rc8 41. a5 Rc3+ 42. Kb2 Kc4 43. a6 Kxb4 44. a7 1/2-1/2

[Event "Østlandsserien 1998/1999, 3. div. B"]
[Site "Follo, Akershus NOR"]
[Date "1999.01.16"]
[Round "3"]
[White "Furnes, Torstein"]
[Black "Breivik, Rolv"]
[Result "1/2-1/2"]
[WhiteElo "1498"]
[BlackElo "1445"]
[PlyCount "80"]
[EventDate "1998.11.08"]
[Board "4"]
[WhiteTeam "Follo 3"]
[BlackTeam "Akademisk 4"]

1. d4 d5 2. c4 c6 3. Nc3 Bf5 4. cxd5 cxd5 5. Qb3 Nc6 6. Nf3 e6 7. e3 a6 8. a3
Bd6 9. Be2 Nf6 10. O-O Qc7 11. Bd2 Ne4 12. h3 Nxd2 13. Nxd2 O-O 14. f4 h6 15.
Rac1 Rac8 16. Na4 b5 17. Nc5 Bxc5 18. Rxc5 Qb7 19. Rfc1 Ne7 20. Bd3 Rxc5 21.
Rxc5 Rc8 22. Bxf5 Rxc5 23. Bh7+ Kxh7 24. dxc5 Qc6 25. Qd3+ Kg8 26. b4 Nf5 27.
g4 Nh4 28. Kf2 d4 29. e4 Ng6 30. Kg3 f6 31. Qxd4 Qc7 32. Qe3 e5 33. f5 Ne7 34.
Qb3+ Kf8 35. Qe6 Qc6 36. Qxc6 Nxc6 37. Kf3 Nd4+ 38. Kf2 Ke7 39. Nb1 Kd7 40. Ke3
Kc6 1/2-1/2

[Event "Østlandsserien 1998/1999, 3. div. B"]
[Site "Asker, Akershus NOR"]
[Date "1999.01.17"]
[Round "4"]
[White "Hall, Torstein"]
[Black "Furnes, Torstein"]
[Result "0-1"]
[WhiteElo "1701"]
[BlackElo "1498"]
[PlyCount "58"]
[EventDate "1998.11.08"]
[Board "4"]
[WhiteTeam "Asker 2"]
[BlackTeam "Follo 3"]

1. e4 c5 2. Nf3 Nc6 3. Bb5 a6 4. Bxc6 bxc6 5. d3 d5 6. O-O Bg4 7. Nc3 e5 8. Re1
d4 9. Na4 Bd6 10. b3 Nf6 11. Ba3 Nd7 12. h3 Be6 13. Qd2 h6 14. Rad1 O-O 15. c3
Qe7 16. Rc1 f5 17. exf5 Rxf5 18. c4 Raf8 19. Re4 Rxf3 20. gxf3 Rxf3 21. Kg2 Qf7
22. Rh1 Qh5 23. h4 Nf6 24. Qe2 Bg4 25. Rxg4 Qxg4+ 26. Kf1 Nh5 27. Rg1 Qh3+ 28.
Ke1 Nf4 29. Rg3 Rxg3 0-1

[Event "Østlandsserien 1998/1999, 3. div. B"]
[Site "Follo, Akershus NOR"]
[Date "1999.02.14"]
[Round "5"]
[White "Furnes, Torstein"]
[Black "Moen, Jan Fredrik"]
[Result "1/2-1/2"]
[WhiteElo "1492"]
[BlackElo "1498"]
[PlyCount "102"]
[EventDate "1998.11.08"]
[Board "4"]
[WhiteTeam "Follo 3"]
[BlackTeam "Kongsberg"]

1. d4 Nf6 2. c4 e6 3. Nc3 Be7 4. e4 d6 5. f4 c6 6. Nf3 O-O 7. Bd3 b6 8. O-O Bb7
9. e5 dxe5 10. dxe5 Nfd7 11. Qc2 h6 12. Be3 Na6 13. Qe2 Qc7 14. Rad1 Ndc5 15.
Bb1 Rad8 16. Qc2 g6 17. f5 exf5 18. Bxh6 Rfe8 19. Qf2 Nd7 20. Qg3 Bf8 21. Bf4
b5 22. cxb5 cxb5 23. Bxf5 Bxf3 24. gxf3 Bg7 25. Bxd7 Rxd7 26. Rxd7 Qxd7 27. Rd1
Qc6 28. Rd6 Qc5+ 29. Kg2 Nc7 30. Ne4 Qb4 31. Nf6+ Bxf6 32. Rxf6 Nd5 33. Rxg6+
fxg6 34. Qxg6+ Kf8 35. Bh6+ Ke7 36. Bg5+ Kd7 37. Qf7+ Ne7 38. e6+ Kd8 39. Qf5
Qd2+ 40. Kg3 Qd6+ 41. Kg4 Qd4+ 42. f4 Qg1+ 43. Kf3 Qd1+ 44. Kg3 Qd6 45. Qxb5
Kc7 46. Qxe8 Qd3+ 47. Kh4 Nf5+ 48. Kg4 Ne3+ 49. Kh5 Qh7+ 50. Bh6 Qf5+ 51. Bg5
Qh7+ 1/2-1/2

[Event "Østlandsserien 1998/1999, 3. div. B"]
[Site "Modum, Buskerud NOR"]
[Date "1999.03.13"]
[Round "6"]
[White "Furnes, Torstein"]
[Black "Vålerhaugen, Kjell"]
[Result "0-1"]
[WhiteElo "1492"]
[BlackElo "1478"]
[PlyCount "100"]
[EventDate "1998.11.08"]
[Board "3"]
[WhiteTeam "Follo 3"]
[BlackTeam "Modum 1"]

1. d4 d5 2. c4 c6 3. Nc3 Nf6 4. Bf4 e6 5. e3 Nbd7 6. Nf3 Be7 7. Bd3 dxc4 8.
Bxc4 b5 9. Bd3 a6 10. O-O c5 11. dxc5 Nxc5 12. Bc2 Bb7 13. Nd4 O-O 14. g4 b4
15. g5 Nfd7 16. Nce2 e5 17. Nf5 exf4 18. exf4 Re8 19. Ned4 Bf8 20. Qh5 Be4 21.
Bd1 Qc7 22. Qg4 Ne6 23. Nxe6 Rxe6 24. Bb3 Bxf5 25. Qxf5 Re7 26. Rac1 Qb6 27. h4
g6 28. Qd5 Rd8 29. Rc6 Qb8 30. Rd6 Qb5 31. Qf3 Rde8 32. h5 Qf5 33. hxg6 hxg6
34. Rxa6 Ne5 35. Qg3 Ng4 36. Rd1 Re1+ 37. Rxe1 Rxe1+ 38. Kg2 Re2 39. Rxg6+ Qxg6
40. Qxg4 Qe4+ 41. Kg3 Re1 42. Bxf7+ Kxf7 43. Qd7+ Kg8 44. f3 Rg1+ 45. Kh2 Qe2+
46. Kxg1 Bc5+ 47. Kh1 Qxf3+ 48. Kh2 Qxf4+ 49. Kh3 Qf3+ 50. Kh4 Bf2# 0-1

[Event "Østlandsserien 1998/1999, 3. div. B"]
[Site "Follo, Akershus NOR"]
[Date "1999.03.14"]
[Round "7"]
[White "Furnes, Torstein"]
[Black "Moe, Pål"]
[Result "1/2-1/2"]
[WhiteElo "1492"]
[BlackElo "1489"]
[PlyCount "81"]
[EventDate "1998.11.08"]
[Board "4"]
[WhiteTeam "Follo 3"]
[BlackTeam "OSS 3"]

1. d4 Nf6 2. c4 g6 3. Nc3 d5 4. Nf3 Bg7 5. Bf4 c5 6. e3 O-O 7. Be2 cxd4 8. Nxd4
dxc4 9. Bxc4 Qa5 10. Nb3 Qb4 11. Nd2 Qxb2 12. Na4 Qa3 13. Rb1 Bd7 14. Bb3 b5
15. Nb2 Rc8 16. Qe2 Na6 17. O-O Nc5 18. Be5 Nxb3 19. axb3 a6 20. h4 Qa5 21.
Rfc1 Qb6 22. Nd3 Rxc1+ 23. Rxc1 Rc8 24. Rxc8+ Bxc8 25. Bd4 Qc6 26. b4 h5 27.
Nc5 Qd6 28. Nf3 Bg4 29. Qa2 Bxf3 30. gxf3 e5 31. Bc3 Nd5 32. Qd2 Qc6 33. e4
Nxc3 34. Qxc3 Qf6 35. Qa3 Qxh4 36. Qxa6 Qg5+ 37. Kf1 Qc1+ 38. Kg2 Qg5+ 39. Kf1
Qc1+ 40. Kg2 Qg5+ 41. Kf1 1/2-1/2

[Event "Østlandsserien 1998/1999, 4. div. D"]
[Site "Ås (Holstad), Akershus NOR"]
[Date "1998.12.06"]
[Round "2"]
[White "Dyrnes, Jussi"]
[Black "Lea, Per"]
[Result "1-0"]
[WhiteElo "1406"]
[BlackElo "1689"]
[Annotator "Lea, Per"]
[PlyCount "93"]
[EventDate "1998.11.08"]
[Board "1"]
[WhiteTeam "Nordstrand 4"]
[BlackTeam "Follo 4"]

1. e4 e5 2. Nf3 Nc6 3. Bc4 Nf6 4. O-O Bc5 5. d3 d6 6. Bg5 h6 7. Bxf6 Qxf6 8. h3
Qg6 9. Kh2 Bd7 10. c3 O-O-O 11. a4 a5 12. Nbd2 f5 13. Bd5 Ne7 14. b4 {
Utspekulert bondeoffer - eller en bukk?} axb4 15. cxb4 Bxb4 16. Qb3 Nxd5 17.
exd5 Bc5 18. a5 b6 $2 {Det var i hvert fall en kjempebukk... Partiet ble spilt
i bomberommet på Steinerskolen på Holstad, og jeg husker at brannalarmen gikk
under partiet - og det tok lang tid før vi fikk stoppet den. Om det skjedde
akkurat her, hadde jo vært en fin unnskyldning for svart...} 19. axb6 Bxb6 20.
Rfc1 Kb7 21. Rab1 Rb8 22. Nc4 Kc8 23. Nxb6+ Kd8 24. Qc4 {Bukker tilbake
mesteparten av fordelen, men hvit bør fremdeles vinne. Men til hvits forsvar
bør det jo sies at vinsten} (24. Rxc7 {kanskje ikke var den enkleste å finne.}
Kxc7 25. Na8+ Kd8 26. Qxb8+ Ke7 27. Qxh8 {Mer håpløst kan det ikke bli!}) 24...
cxb6 25. Qb4 Qf6 26. Ra1 g5 27. Ra7 g4 28. Ng1 {Igjen lå det et tårnoffer der:}
(28. Rxd7+ Kxd7 29. Qa4+ Kd8 30. Qa7 Ke8 31. Qxb8+ Kf7 32. Qc7+ Qe7 33. Nh4 {
Håpløst...}) 28... gxh3 29. Nxh3 f4 30. Rcc7 Rh7 31. Rcb7 Rxb7 32. Rxb7 b5 33.
Qa5+ Ke8 34. Qc7 Rg7 35. Rb8+ Ke7 36. Qd8+ Kf7 37. Qxd7+ Kg6 38. Qe6 Qxe6 39.
dxe6 Kf6 40. Rxb5 Kxe6 41. Ng1 h5 42. Nf3 Rc7 43. d4 Rc2 44. dxe5 Rxf2 45. Rb6
Kd7 46. Rxd6+ Ke7 47. Rh6 {Og svart kom endelig til fornuft...} 1-0

[Event "Østlandsserien 1998/1999, 4. div. D"]
[Site "Askim, Østfold NOR"]
[Date "1999.01.17"]
[Round "3"]
[White "Lea, Per"]
[Black "Feraget, Sadik"]
[Result "1-0"]
[WhiteElo "1689"]
[BlackElo "1602"]
[Annotator "Lea, Per"]
[PlyCount "69"]
[EventDate "1998.11.08"]
[Board "1"]
[WhiteTeam "Follo 4"]
[BlackTeam "IØSS"]

1. e4 c5 2. Nf3 Nc6 3. d4 cxd4 4. Nxd4 Qb6 5. Nb3 g6 6. Nc3 Bg7 7. Nd5 Qd8 8.
Bf4 {Truer dronningfangst, men svart har selvfølgelig ingen problemer med å
gardere trusselen} e5 9. Be3 b6 10. Bc4 Nge7 11. Qf3 O-O 12. Nf6+ ({
Hvit burde heller ha prøvd} 12. Bg5 h6 13. Bf6 d6 14. Bxg7 Kxg7 15. Qf6+ Kh7
16. Ne3 Ng8 17. Qxd8 Nxd8 18. f3 {med litt bedre stilling}) 12... Kh8 13. h4
Nf5 14. h5 $4 Qxf6 (14... Nxe3 15. hxg6 Nxc2+ 16. Kd2 Qxf6 17. Qxf6 Bxf6 18.
Rxh7+ Kg8 19. Bxf7+ {er klart best for svart}) 15. exf5 Qxf5 16. h6 Bf6 17.
Qxf5 gxf5 18. O-O-O f4 19. Bd2 a5 20. Bc3 Be7 21. Bd5 f6 22. Nd2 Rb8 23. Ne4
Nb4 24. Bb3 Nc6 25. Nd6 Bxd6 26. Rxd6 Ne7 27. Rxf6 {Jeg var naturlig nok
fornøyd med dette, men det er akkurat det tredje beste trekket i stillingen} (
27. Re1 Bb7 28. Rxe5 a4 (28... fxe5 $4 29. Bxe5+ Rf6 30. Bxf6#)) (27. Rh5 {
Med samme ide, begge trekkene vinner enda raskere enn teksttrekket}) 27... Rxf6
28. Bxe5 Ng8 29. Bxb8 d6 30. Re1 Nxh6 (30... Bd7 {
holder hodet over vannet en liten stund til}) 31. Re8+ Kg7 32. Rxc8 Ng4 33.
Rg8+ Kh6 34. Rxg4 Re6 $4 {Løperdiagonaler kan være vanskelig å se i tidsnøden.}
35. Bxe6 1-0

[Event "Østlandsserien 1998/1999, 4. div. D"]
[Site "Ås, Akershus NOR"]
[Date "1999.02.14"]
[Round "4"]
[White "Olsen, Svein"]
[Black "Lea, Per"]
[Result "0-1"]
[WhiteElo "1551"]
[BlackElo "1689"]
[Annotator "Lea, Per"]
[PlyCount "48"]
[EventDate "1998.11.08"]
[Board "1"]
[WhiteTeam "Fredriksstad 2"]
[BlackTeam "Follo 4"]

1. e4 e5 2. Nf3 Nc6 3. c3 d5 4. exd5 Qxd5 5. c4 Qe4+ 6. Be2 Bg4 7. Nc3 Qf5 8.
O-O Nf6 9. Nh4 Qh5 10. Bxg4 Nxg4 11. Nf3 O-O-O 12. h3 Nf6 13. Qe2 Bc5 14. a3
Rhe8 15. b4 Nd4 16. Nxd4 exd4 17. Qxh5 Nxh5 18. Nb5 Be7 19. Bb2 $4 {
Bukker offiser i en stilling hvor svart står ganske bra uansett} a6 20. Nxd4
Bf6 21. Rfe1 Rxe1+ 22. Rxe1 Bxd4 23. Bxd4 Rxd4 24. Re5 Nf6 {
og hvit innså at dette ikke var moro mer} 0-1

[Event "Østlandsserien 1998/1999, 4. div. D"]
[Site "Sarpsborg, Østfold NOR"]
[Date "1999.03.14"]
[Round "5"]
[White "Lea, Per"]
[Black "Helgesen, Jack"]
[Result "1-0"]
[WhiteElo "1689"]
[BlackElo "843"]
[Annotator "Lea, Per"]
[PlyCount "39"]
[EventDate "1998.11.08"]
[Board "1"]
[WhiteTeam "Follo 4"]
[BlackTeam "Sarpsborg 3"]

1. e4 e5 2. Nf3 Nc6 3. Bb5 Nf6 4. O-O Bc5 5. c3 a6 6. Ba4 O-O 7. d4 exd4 8.
cxd4 Ba7 9. e5 Nd5 10. Bb3 Nce7 11. Nc3 c6 12. Ng5 ({Mer aktivt er} 12. Ne4)
12... h6 (12... d6 {gir nesten utlikning}) 13. Nge4 Nf5 14. Nxd5 cxd5 15. Nf6+
Kh8 16. Qh5 d6 17. g4 g6 18. Qh3 Bxd4 $4 (18... h5 {bare forlenger pinen litt})
19. Bxh6 Ng7 20. Bxg7+ 1-0

[Event "Østlandserien 1997/1998, 1. div"]
[Site "?"]
[Date "1998.02.05"]
[Round "6.4"]
[White "Solem, Trond"]
[Black "Bergstad, Odd Øivind"]
[Result "0-1"]
[WhiteElo "2069"]
[BlackElo "2091"]
[PlyCount "98"]
[EventDate "1998.??.??"]
[WhiteTeam "Follo 1"]
[BlackTeam "Nordstrand 1"]

1. d4 Nf6 2. c4 g6 3. g3 Bg7 4. Bg2 O-O 5. Nf3 d6 6. O-O Nbd7 7. Nc3 e5 8. e4
c6 9. Re1 exd4 10. Nxd4 Ng4 11. Qxg4 Bxd4 12. Bh6 Ne5 13. Qe2 Re8 14. h3 Qf6
15. Rad1 Bc5 16. Bd2 a6 17. Na4 Ba7 18. b3 b5 19. Nb2 Be6 20. Bb4 bxc4 21. bxc4
Rab8 22. Bc3 Bxh3 23. Nd3 Be6 24. Nf4 Bc8 25. Rd2 Bc5 26. Red1 Qg5 27. Bxe5
dxe5 28. Nd3 Bd4 29. Kf1 Be6 30. Ne1 c5 31. Rc2 Qe7 32. Nd3 h5 33. Re1 Kg7 34.
f4 Bg4 35. Bf3 Bh3+ 36. Bg2 Bg4 37. Bf3 Bh3+ 38. Bg2 Qd7 39. f5 Bg4 40. Qd2 Qe7
41. Nf2 Bxf2 42. Qxf2 Red8 43. Qe3 Qd6 44. Qc1 Qd3+ 45. Kg1 Qxg3 46. Rf1 Rd3
47. fxg6 fxg6 48. Rb2 Rxb2 49. Qxb2 Bh3 0-1

[Event "Østlandsserien 1997/1998, 3. div. C"]
[Site "Ås, Akershus NOR"]
[Date "1997.11.08"]
[Round "1"]
[White "Lea, Per"]
[Black "Kutrovac, Milan"]
[Result "1/2-1/2"]
[WhiteElo "1708"]
[BlackElo "1621"]
[Annotator "Lea, Per"]
[PlyCount "82"]
[EventDate "1997.11.08"]
[Board "2"]
[WhiteTeam "Follo 2"]
[BlackTeam "Stjernen 3"]

1. e4 e5 2. Nf3 Nc6 3. Bb5 a6 4. Ba4 Nf6 5. O-O b5 6. Bb3 Bc5 7. Re1 O-O 8. c3
d6 9. h3 h6 10. d4 exd4 11. cxd4 Bb4 12. Bd2 Bb7 13. Bxb4 Nxb4 14. a3 Nc6 15.
Nbd2 Re8 16. Rc1 Ne7 17. Nh4 g5 {Kan vise seg å bli en farlig svekkelse} 18.
Qf3 ({Silisiumshjernene påstår at} 18. Nhf3 {er bedre, men det virker ulogisk
på meg å fjerne springeren fra svarts kongestilling}) 18... Kg7 19. Nf5+ Nxf5
20. Qxf5 Bc8 21. Qf3 Be6 22. d5 Bd7 23. Nf1 Rc8 24. Ng3 Re5 25. Qe3 c5 26. dxc6
Rxc6 27. Rxc6 Bxc6 28. Nf5+ Kg6 29. f3 Rc5 $2 {Gjør vondt verre for svart} (
29... Bd5 {for å nøytralisere hvits løper ser bedre ut, men hvit står
allikevel mer enn greit}) 30. Rd1 Qc7 $4 {
Ser naturlig ut, siden tårnet på c5 er direkte truet} ({
Det eneste som ikke fører til umiddelbar krise, er kvalitetsofferet} 30... Rxf5
31. exf5+ Kg7) 31. Rxd6 Bd7 32. Rxa6 $4 {Spiser en skarve bonde} ({Etter} 32.
e5 {er det vanskelig å se noen redning for svart}) 32... Qe5 33. Nd4 (33. Nxh6
Be6 (33... Kxh6 34. Rxf6+ Qxf6 35. Qxc5) 34. Nf5 {
i begge tilfeller med grei vinststilling for hvit}) 33... Be8 34. a4 bxa4 35.
Bxa4 Rc4 36. Bxe8 Rxd4 37. Ba4 Kg7 38. Rc6 $4 {Sjakkblindhet eller tidsnød?} (
38. Ra5 Qxa5 39. Qxd4 {Femdeles vinststilling for hvit, men med dronninger på
brettet har svart alltid muligheter til evig sjakk.}) 38... Nd5 (38... Rxa4 {
bør være vinst for svart(!)}) 39. Qb3 Nf4 40. Rc8 Rd2 {Ser naturlig ut,} ({
men nå er det svart som blingser:} 40... Nxh3+ $3 41. gxh3 (41. Kh1 Rd1+ $1 42.
Qxd1 Nf2+ 43. Kg1 Nxd1 44. Bxd1 Qd4+ 45. Kh2 Qxd1 {0-1}) (41. Kf1 Qh2 42. Qe3 (
{eller overgang til varianten foran med} 42. gxh3 Qxh3+ {o.s.v.}) 42... Qh1+
43. Ke2 Nf4+ 44. Kf2 Qxg2+ 45. Ke1 Qg3+ 46. Kf1 Rd3 {0-1}) 41... Qg3+ 42. Kf1
Qxh3+ 43. Ke2 Qxc8) 41. Rc2 Nxh3+ {med remistilbud, som selvsagt blir mottatt
med takk - siden det er forsert matt i høyst 7 trekk ...} 1/2-1/2

[Event "Østlandsserien 1997/1998, 3. div. C"]
[Site "Fredrikstad, Østfold NOR"]
[Date "1997.12.07"]
[Round "2"]
[White "Sæther, Lars"]
[Black "Lea, Per"]
[Result "1/2-1/2"]
[WhiteElo "1688"]
[BlackElo "1708"]
[PlyCount "96"]
[EventDate "1997.11.08"]
[Board "2"]
[WhiteTeam "Fredriksstad 1"]
[BlackTeam "Follo 2"]

1. d4 d5 2. Nf3 Nf6 3. c4 e6 4. e3 c5 5. cxd5 Nxd5 6. a3 cxd4 7. Nxd4 Be7 8.
Bd3 Nd7 9. Qg4 Ne5 10. Bb5+ Kf8 11. Qg3 Qc7 12. Bd2 Bd6 13. f4 Nc4 14. Bxc4
Qxc4 15. Nc3 Bxf4 16. Qf2 Be5 17. Nxd5 Qxd5 18. O-O f6 19. Bc3 Bxd4 20. Bxd4 e5
21. Bc3 Kf7 22. Qh4 b6 23. Rad1 Qe6 24. Qh5+ g6 25. Qxe5 Qxe5 26. Bxe5 Ke6 27.
Bxf6 Rf8 28. Rc1 Ba6 29. Rf2 Rac8 30. Rxc8 Rxc8 31. Bc3 Rd8 32. Rf6+ Ke7 33.
Rf4 Rd1+ 34. Kf2 Rf1+ 35. Kg3 Rxf4 36. Kxf4 h6 37. Ke5 Bb7 38. g3 a5 39. Bd4 b5
40. Bc5+ Kd7 41. e4 a4 42. g4 Ke8 43. h4 h5 44. g5 Kf7 45. Bb4 Bc6 46. Bc3 Bb7
47. Kd4 Ke6 48. e5 Bg2 1/2-1/2

[Event "Østlandsserien 1997/1998, 3. div. C"]
[Site "Ås, Akershus NOR"]
[Date "1998.01.17"]
[Round "3"]
[White "Wibe, Per H"]
[Black "Lea, Per"]
[Result "0-1"]
[WhiteElo "1651"]
[BlackElo "1702"]
[Annotator "Lea, Per"]
[PlyCount "36"]
[EventDate "1997.11.08"]
[Board "3"]
[WhiteTeam "OSS 3"]
[BlackTeam "Follo 2"]

{Mitt korteste parti noensinne, målt i forbrukt tid: 4 minutter, dvs. et sted
mellom 11 2/3 sekunder per trekk eller 15 sekunder per trekk, avhengig av
avrunding (det står bare 0:04 på noteringsskjemaet mitt.) Motstanderen brukte
50 minutter...} 1. e4 e5 2. Nf3 Nc6 3. Bb5 a6 4. Ba4 Nf6 5. O-O Be7 6. Re1 b5
7. Bb3 O-O 8. c3 d5 {Ikke ukjent for de som har litt fartstid i Ås/Follo bak
seg, et yndet våpen både for Øivind Weberg og undertegnede. Svart ofrer en
bonde, men kan lure hvit inn i varianter der det er lett gå seg vill. Det
påstås at Frank Marshall forberedte offeret i 1908 og planla å bruk det mot
José Capablanca. Men den gangen spilte på langt nær så mange turneringer som i
vår tid, og Marshall fikk ikke anledning til å bruke det mot Capablanca før i
den store New York-turneringa i 1918. Capablanca skjønte at bondeofferet var
noe motsanderen hadde anlysert variante på kammerset, men tok allikevel i mot
offeret:} 9. exd5 Nxd5 10. Nxe5 Nxe5 11. Rxe5 Nf6 ({Ganske tidlig skjønte man
springertrekket ikke var godt nok, og mange begynte å spille} 11... c6 12. d4
Bd6 13. Re1 Qh4 14. g3 Qh3 {i stedet. Men på klubbnivå er kanskje Marshalls
opprinnelige ide god nok - i hvert fall kan dette partiet tyde på det...}) 12.
d4 Bd6 13. Re1 Ng4 14. h3 Qh4 15. Qf3 (15. hxg4 $2 Qh2+ 16. Kf1 Qh1+ 17. Ke2
Bxg4+ 18. Kd3 Bf5+ 19. Kd2 Bf4+ 20. Re3 Qxg2 21. Ke1 Qg1+ 22. Ke2 Bg4+ 23. f3
Qg2+ 24. Kd3 Bf5+ 25. Re4 Bxc1 26. Qxc1 Qxf3+ 27. Qe3 Bxe4+ 28. Kd2 Rfe8 {
og med kvalitet og to bønder over burde svart kunne se lyst på tilværelsen})
15... Nxf2 16. Qxf2 Bh2+ ({Ikke den klassiske feilen:} 16... Bg3 $4 17. Qxf7+
Rxf7 18. Re8# {Tårnet er bundet...}) 17. Kf1 Bg3 18. Qxf7+ $4 {
Nå der vi forskjellen på å spille løperen til g3 med en gang:} Rxf7+ {
Med SJAKK, som forøvlig ble uttalt høyt og tydelig med medfølgende reprimande
fra den lokale turneringsleder. Men det var det verdt! Etter partiet erklærte
hvit at han skulle slutte å spille spansk som hvit, og en stund seinere
begynte han å studere Østens mystikk som han stadig holder kurs for. Hjelp til
selvhjelp?} 0-1

[Event "Østlandsserien 1997/1998, 3. div. C"]
[Site "Ås, Akershus NOR"]
[Date "1998.02.14"]
[Round "5"]
[White "Lea, Per"]
[Black "Hovden, Hans"]
[Result "0-1"]
[WhiteElo "1702"]
[BlackElo "1683"]
[Annotator "Lea, Per"]
[PlyCount "90"]
[EventDate "1997.11.08"]
[Board "4"]
[WhiteTeam "Follo 2"]
[BlackTeam "NKL"]

1. e4 e6 2. d4 d5 3. Nc3 Bb4 4. e5 Qd7 {Sånne trekk prløver vi å unnga i Follo
sjakkforenings ungdom, men virkeligheten er ikke fullt så enkelt som man
skulle tro. Stillingen er relativt lukket, og det er ikke lett for hvit å få
noe avgjørende angrep.} 5. a3 (5. Qg4 {har jeg pleid å spille seinere. Svart
må enten spille f5, trekke løperen tilbake til f8 spille Kf8, eller g6. Men
igjen: det er slett ikke så enkelt for hvit å utnytte noe av dette.}) 5...
Bxc3+ 6. bxc3 b6 7. Qg4 f5 8. Qg3 Ba6 9. Bxa6 Nxa6 10. Ne2 Nb8 11. Nf4 g6 {
Hvit truet å slå på e6 og så på g7} 12. h4 Nc6 13. h5 gxh5 14. Rxh5 (14. Qg5 {
lager større problemer svart}) 14... O-O-O 15. Ng6 Nf6 16. exf6 hxg6 17. Rxh8
Rxh8 18. Qxg6 Qh7 19. Qg7 Qxg7 20. fxg7 Rg8 21. Bh6 Nd8 {Hvit hadde synligvis
oversett at svart truer bort løperen i neste trekk og vinner bonden på g6. Men
hvit bør greie å holded partiet allikevel: løper og litt svak bondestilling
bør telle omtrent likt med svarts springer og bedre bondestilling.} 22. Ke2 Nf7
23. Rh1 Kd7 24. Kf3 Nxh6 25. Rxh6 Rxg7 26. g3 Kd6 27. Rh4 c5 28. g4 $2 {
Bondesluttspillet er trolig lett vunnet for for svart. Nå har ikke hvit noen
som helst kompensasjon for den dårlige bondestillingen.} fxg4+ 29. Rxg4 Rc7 ({
Etter} 29... Rxg4 30. Kxg4 Ke7 {kan hvit spille videre}) 30. Ke3 $2 {
Tårnet skal HVOR i tårnsluttspill...?} (30. Rg8 {Selvfølgelig: bak bøndene!
Men akkurat her prøver hvit fortvilet å ikke tape en bonde,}) 30... cxd4+ 31.
Rxd4 (31. Kxd4 $4 Rc4+ {0-1}) 31... Rxc3+ 32. Kd2 Rxa3 33. Rh4 a5 34. Rh8 Ra1
35. Rd8+ Ke5 36. f4+ Kxf4 37. Rd6 Ke5 38. Rxb6 a4 39. Rb4 a3 40. Rb3 ({
Alt annet enn} 40. Kc3 {"oppgittbart"}) 40... d4 41. Rh3 a2 42. Ra3 Kf4 43. Ke2
d3+ 44. Kd2 dxc2 45. Kxc2 Rh1 {
Hvis hvit slår på a2 blir det tårnbytte, og e-bonden går rett inn.} 0-1

[Event "Østlandsserien 1997/1998, 3. div. C"]
[Site "Fredrikstad, Østfold NOR"]
[Date "1998.03.14"]
[Round "6"]
[White "Lea, Per"]
[Black "Vigdal, Ole Johnny"]
[Result "1-0"]
[WhiteElo "1702"]
[BlackElo "1545"]
[Annotator "Lea, Per"]
[PlyCount "119"]
[EventDate "1997.11.08"]
[Board "3"]
[WhiteTeam "Follo 2"]
[BlackTeam "Fredriksstad 2"]

1. e4 c5 2. Nf3 Nc6 3. d4 cxd4 4. Nxd4 e5 5. Nb5 d6 6. N1c3 a6 7. Na3 b5 8. Nd5
Be6 {Svart har ikke studert partiene til Torstein Furnes...} (8... Nf6 9. Bg5
Be7 10. Bxf6 Bxf6 11. c3 {
er det vanligste - i hvert fall i Follo sjakkforening...}) 9. c4 bxc4 10. Bxc4
Nf6 11. Bg5 Qa5+ 12. Bd2 Qd8 13. Qe2 Bxd5 14. exd5 Nd4 15. Qd3 Qc8 16. O-O Be7
17. Rac1 O-O 18. Nc2 Nxc2 19. Rxc2 Qb7 20. Rfc1 Nd7 21. b4 Nb6 22. Bb3 Rfc8 23.
Rc6 Nd7 $2 {En bukk, som hvit ikke gjennomskuer.} 24. a4 (24. Qc2 Nb6 25. Be3
Rxc6 26. dxc6 Qc7 27. Bxb6 Qxb6 28. c7 Rc8 29. Qf5 {med vinststilling}) 24...
g6 25. Qc3 Rd8 26. Rc7 Qb8 27. Qc6 Ra7 28. b5 $2 (28. a5 {Beholder presset})
28... axb5 29. axb5 ({Nå går det riktig ille: nødvendig var:} 29. Rxa7 Qxa7)
29... Rxc7 {Nå går fordelen over til svart!} 30. Qxc7 Qxb5 31. Bc4 Qb6 32. Qxb6
Nxb6 33. Ba5 Rb8 34. Rb1 Nd7 $4 {Bukker tilbake hele partiet!} (34... Bd8 {
beholder en liten fordel til svart.}) 35. Rxb8+ Nxb8 36. Bb5 {Løperen tar
kontroll over a6 og d7, og c6 dekkes både av bonde og løper. Dermed er svart
nødt til å miste en offiser, og resten er teknikk.} Kf8 37. Bc7 f5 38. Bxb8 Kf7
39. Kf1 Kf6 40. Ke2 e4 41. Bd7 Ke5 42. Be6 g5 43. Bc7 h5 44. Ba5 Kd4 45. Bb6+
Ke5 46. g3 f4 47. Ba5 Kd4 48. Kd2 e3+ 49. fxe3+ fxe3+ 50. Ke2 Ke4 51. Bb6 h4
52. gxh4 gxh4 53. Bxe3 Bf6 54. h3 Be7 55. Kd2 Bf6 56. Bb6 Ke5 57. Kd3 Be7 58.
Bd4+ Kf4 59. Kc4 Ke4 60. Bg7 {Hvit vinner d6-bonden etter ytterligere noen
trekk, og hvits h-bonde er gardert til evig tid.} 1-0